What are best endeavours? (Record no. 74157)

MARC details
000 -LEADER
fixed length control field 01166cab a2200277 4500
001 - CONTROL NUMBER
control field ABS67536
008 - FIXED-LENGTH DATA ELEMENTS--GENERAL INFORMATION
fixed length control field 040218n2004 000 0 eng u
035 ## - SYSTEM CONTROL NUMBER
System control number (Sirsi) u125192
100 ## - MAIN ENTRY--PERSONAL NAME
Personal name Bailey, J.
245 ## - TITLE STATEMENT
Title What are best endeavours?
260 ## - PUBLICATION, DISTRIBUTION, ETC.
Date of publication, distribution, etc. 2004
490 ## - SERIES STATEMENT
Series statement International Construction Law Review
Volume/sequential designation 21(1) January 2004, 57-66(10)
520 ## - SUMMARY, ETC.
Summary, etc. Considers the purpose of best endeavour clauses in contracts. It suggests that their purpose is not to impose an obligation to achieve a particular objective but requires the parties involved to do their best towards achieving it. Examines the use of such clauses in the construction and planning context and provides a useful summary on their use and meaning. Refers extensively to case law.
590 ## - LOCAL NOTE (RLIN)
Local note ABS
650 ## - SUBJECT ADDED ENTRY--TOPICAL TERM
Topical term or geographic name entry element BEST ENDEAVOUR
650 ## - SUBJECT ADDED ENTRY--TOPICAL TERM
Topical term or geographic name entry element LAW OF CONTRACT
650 ## - SUBJECT ADDED ENTRY--TOPICAL TERM
Topical term or geographic name entry element BUILT ENVIRONMENT-BUILDING CONTRACT FORMS
650 ## - SUBJECT ADDED ENTRY--TOPICAL TERM
Topical term or geographic name entry element PLANNING LAW
650 ## - SUBJECT ADDED ENTRY--TOPICAL TERM
Topical term or geographic name entry element OBLIGATIONS
650 ## - SUBJECT ADDED ENTRY--TOPICAL TERM
Topical term or geographic name entry element SHEFFIELD DISTRICT RAILWAYS V GREAT CENTRAL RAILWAY COMPANY
650 ## - SUBJECT ADDED ENTRY--TOPICAL TERM
Topical term or geographic name entry element TERRELL V MABIE TODD AND CO
650 ## - SUBJECT ADDED ENTRY--TOPICAL TERM
Topical term or geographic name entry element RACKHAM V PEEK FOODS LTD
650 ## - SUBJECT ADDED ENTRY--TOPICAL TERM
Topical term or geographic name entry element DAMAGES
690 ## - LOCAL SUBJECT ADDED ENTRY--TOPICAL TERM (OCLC, RLIN)
Topical term or geographic name as entry element LAW
942 ## - ADDED ENTRY ELEMENTS (KOHA)
Suppress in OPAC 0
Holdings
Withdrawn status Lost status Source of classification or shelving scheme Damaged status Not for loan Home library Current library Shelving location Date acquired Total Checkouts Full call number Barcode Date last seen Copy number Price effective from Koha item type
    Dewey Decimal Classification     London London Journal article 18/02/2004   ABS67536 125192-1001 06/08/2019 1 06/08/2019 Journal article